Lucy Dacus - Troublemaker Doppelgänger (Lyrics) - Statistics

General Stats
  • This quiz has been taken 6 times
  • The average score is 84 of 296
Answer Stats
Answer % Correct
a
100%
an
75%
and
75%
And
75%
I
75%
to
75%
when
75%
When
75%
you
75%
away
50%
away,
50%
can
50%
from
50%
girl
50%
girl,
50%
hearse
50%
her,
50%
her
50%
Is
50%
is
50%
like
50%
of
50%
on
50%
or
50%
run
50%
screen
50%
She
50%
she
50%
tell
50%
that
50%
the
50%
TV
50%
wanted
50%
who
50%
beauty
25%
body
25%
but
25%
doors
25%
everyone
25%
eye
25%
for
25%
get
25%
good
25%
had
25%
how
25%
hygiene
25%
in
25%
it
25%
It
25%
It's
25%
I've
25%
keep
25%
knows
25%
limousine ?
25%
live
25%
look
25%
looked
25%
my
25%
no
25%
No
25%
oh
25%
One
25%
open
25%
out
25%
out ?
25%
queen
25%
saw
25%
seen
25%
there's
25%
wanna
25%
where
25%
wide
25%
world
25%
your
25%
about
0%
around
0%
as
0%
attention
0%
backyard
0%
beautiful
0%
been
0%
bites
0%
bored
0%
born
0%
brother
0%
child
0%
couldn't
0%
covering
0%
creature's
0%
crown
0%
Daddy
0%
destruction ?
0%
did
0%
die
0%
disease
0%
down
0%
eager
0%
evil
0%
eyes
0%
eyes ?
0%
faking
0%
finger
0%
folks
0%
forever
0%
full
0%
gets
0%
grew
0%
hands
0%
have
0%
I'll
0%
indoors
0%
infamy
0%
jealousy ?
0%
knowing
0%
Let
0%
love
0%
made
0%
magazines
0%
makes
0%
me
0%
men
0%
mess
0%
nights
0%
not
0%
old
0%
pedestal
0%
peonies
0%
play
0%
please
0%
pound
0%
pretty
0%
put
0%
roaming
0%
same
0%
sister
0%
skirt
0%
sleep
0%
smiles
0%
stay
0%
stop
0%
streets
0%
swing,
0%
taught
0%
that's
0%
them
0%
these
0%
They
0%
thing
0%
thirsty
0%
throne
0%
tides
0%
told
0%
Too
0%
too
0%
turning
0%
ugly
0%
understand
0%
until
0%
up
0%
us
0%
vanity ?
0%
victim
0%
was
0%
Was
0%
what'd
0%
windows
0%
with
0%
wrapped
0%
young
0%
No matching quizzes found
Score Distribution
Percent of People with Each Score
Percentile by Number Answered
Your Score History
You have not taken this quiz